[Event "85. Argentino Superior Absoluto 2010 "]
[Site "Buenos Aires ARG"]
[Date "2010.07.10"]
[Round "6.4"]
[White "Mareco, Sandro"]
[Black "Dos Santos, Ramiro"]
[Result "1-0"]
[WhiteElo "2527"]
[BlackElo "2442"]
[PlyCount "109"]
[EventDate "2010.07.05"]
[EventType "swiss"]
[EventRounds "9"]
[EventCountry "ARG"]
[Source "lmi"]
[SourceDate "2010.07.05"]

1. d4 Nf6 2. c4 g6 3. Nf3 Bg7 4. g3 O-O 5. Bg2 c6 6. O-O d6 7. Nc3 Qb6 8. b3
Bg4 9. Bb2 a5 10. Qd2 Re8 11. Rfd1 Nbd7 12. Ne1 Nf8 13. h3 Bf5 14. e4 Bc8 15.
Nd3 Qa7 16. Rac1 N6d7 17. d5 Nc5 18. Nxc5 dxc5 19. dxc6 bxc6 20. Na4 e5 21. Qd6
Ne6 22. Qxc6 Bb7 23. Qb6 Nd4 24. Kf1 Bh6 25. Qxa7 Rxa7 26. Rc3 Bf8 27. Ba3 Rc8
28. h4 Ra6 29. Rcd3 Ne6 30. Bh3 Bxe4 31. Re3 f5 32. Nc3 Bb7 33. Rxe5 Bg7 34.
Re3 Bd4 35. Red3 a4 36. Nb5 axb3 37. axb3 Be4 38. R3d2 Rb8 39. Bb2 Bxb2 40.
Rxb2 Bc6 41. Kg1 Rab6 42. Bf1 Kg7 43. Ra2 Kf6 44. Ra7 h6 45. Rh7 Nf8 46. Rd6+
Ne6 47. Nc7 Be4 48. Ne8+ Rxe8 49. Rxb6 Ke5 50. Rd7 f4 51. Bd3 fxg3 52. fxg3 Ba8
53. Bxg6 Rg8 54. Ra7 Bf3 55. Rxe6+ 1-0

[Event "85. Argentino Superior Absoluto 2010 "]
[Site "Buenos Aires ARG"]
[Date "2010.07.10"]
[Round "6.5"]
[White "Valerga, Diego"]
[Black "Mahia, Gustavo"]
[Result "1-0"]
[WhiteElo "2506"]
[BlackElo "2393"]
[PlyCount "103"]
[EventDate "2010.07.05"]
[EventType "swiss"]
[EventRounds "9"]
[EventCountry "ARG"]
[Source "lmi"]
[SourceDate "2010.07.05"]

1. d4 Nf6 2. c4 c5 3. d5 b5 4. cxb5 a6 5. f3 g6 6. e4 Bg7 7. e5 Ng8 8. f4 d6 9.
Nf3 Nh6 10. Nc3 O-O 11. bxa6 Nf5 12. Be2 Bxa6 13. O-O Qb6 14. Kh1 Nd4 15. Bxa6
Nxa6 16. Rb1 Nc7 17. Be3 Nxf3 18. Qxf3 Nb5 19. Ne4 Rxa2 20. f5 gxf5 21. Qxf5
dxe5 22. Bxc5 Qf6 23. Bxe7 Qxf5 24. Rxf5 Rfa8 25. h4 Nd4 26. Rg5 h6 27. Nf6+
Kh8 28. Rxe5 R2a7 29. d6 Nc6 30. Ree1 Ra4 31. g3 Rd4 32. Rbc1 Nxe7 33. dxe7
Bxf6 34. e8=Q+ Rxe8 35. Rxe8+ Kg7 36. Re3 Rd2 37. b3 Rb2 38. Rc7 Rf2 39. Kg1
Rf5 40. Kg2 h5 41. b4 Rb5 42. Re4 Rb6 43. Rc5 Kg6 44. b5 Rd6 45. Rc6 Rd2+ 46.
Kf3 Kg7 47. Rxf6 Kxf6 48. Rb4 Ke5 49. b6 Rd3+ 50. Ke2 Rd8 51. b7 Rb8 52. Kf3
1-0

[Event "85. Argentino Superior Absoluto 2010 "]
[Site "Buenos Aires ARG"]
[Date "2010.07.10"]
[Round "6.6"]
[White "Iermito, Sebastian"]
[Black "Quiroga, Facundo"]
[Result "1/2-1/2"]
[WhiteElo "2457"]
[BlackElo "2340"]
[PlyCount "41"]
[EventDate "2010.07.05"]
[EventType "swiss"]
[EventRounds "9"]
[EventCountry "ARG"]
[Source "lmi"]
[SourceDate "2010.07.05"]

1. e4 c5 2. Nf3 d6 3. d4 cxd4 4. Nxd4 Nf6 5. Nc3 a6 6. a4 e5 7. Nf3 Be7 8. Bc4
O-O 9. O-O Nc6 10. Re1 Bg4 11. Be3 Rc8 12. Be2 h6 13. Qd2 a5 14. Red1 Nb4 15.
Rac1 Bd7 16. Qe1 Qc7 17. Nb5 Bxb5 18. Bxb5 Na2 19. Ra1 Nb4 20. Rac1 Na2 21. Ra1
1/2-1/2

[Event "85. Argentino Superior Absoluto 2010 "]
[Site "Buenos Aires ARG"]
[Date "2010.07.10"]
[Round "6.7"]
[White "Tristan, Leonardo"]
[Black "Garcia, Raimundo"]
[Result "0-1"]
[WhiteElo "2393"]
[BlackElo "2314"]
[PlyCount "94"]
[EventDate "2010.07.05"]
[EventType "swiss"]
[EventRounds "9"]
[EventCountry "ARG"]
[Source "lmi"]
[SourceDate "2010.07.05"]

1. d4 c5 2. d5 d6 3. e4 Nf6 4. f3 g6 5. c4 Bg7 6. Nc3 O-O 7. Bg5 e6 8. Nge2
exd5 9. cxd5 Re8 10. Qd2 Na6 11. Ng3 Nc7 12. Bc4 b5 13. Nxb5 Nxb5 14. Bxb5 Bd7
15. Bc4 Rb8 16. O-O Bb5 17. Bxb5 Rxb5 18. b3 Qb6 19. Rae1 Rb4 20. Kh1 Rd4 21.
Qf4 Nd7 22. Bh6 Bxh6 23. Qxh6 Qd8 24. Re2 Ne5 25. f4 Ng4 26. Qh3 h5 27. f5 Qg5
28. Ree1 Rd3 29. Kg1 h4 30. fxg6 fxg6 31. Rf3 Rxf3 32. gxf3 Ne5 33. Rf1 hxg3
34. hxg3 Kg7 35. f4 Qg4 36. Qg2 Nd7 37. Re1 Nf6 38. e5 dxe5 39. fxe5 Qd4+ 40.
Qf2 Qxf2+ 41. Kxf2 Rxe5 42. Rxe5 Ng4+ 43. Kf3 Nxe5+ 44. Ke4 Kf6 45. a3 Nf7 46.
b4 Nd6+ 47. Kf4 g5+ 0-1

[Event "85. Argentino Superior Absoluto 2010 "]
[Site "Buenos Aires ARG"]
[Date "2010.07.10"]
[Round "6.8"]
[White "Fabian, Gaston"]
[Black "Alonso, Salvador"]
[Result "0-1"]
[WhiteElo "2260"]
[BlackElo "2490"]
[PlyCount "102"]
[EventDate "2010.07.05"]
[EventType "swiss"]
[EventRounds "9"]
[EventCountry "ARG"]
[Source "lmi"]
[SourceDate "2010.07.05"]

1. d4 d5 2. c4 c6 3. Nf3 Nf6 4. Nc3 dxc4 5. a4 Bf5 6. Ne5 Nbd7 7. Nxc4 Qc7 8.
g3 e5 9. dxe5 Nxe5 10. Bf4 Nfd7 11. Bg2 f6 12. O-O g5 13. Bxe5 Nxe5 14. Nxe5
Qxe5 15. a5 a6 16. Qa4 O-O-O 17. Rfd1 Rxd1+ 18. Rxd1 Kc7 19. Qb3 Bc5 20. Nd5+
Kb8 21. Nb4 Bxb4 22. Qxb4 Rc8 23. e3 h6 24. Bf1 c5 25. Qb6 Rc6 26. Rd8+ Bc8 27.
Qb3 Qc7 28. Rd1 Qxa5 29. Bg2 c4 30. Qc2 Rc7 31. h3 c3 32. bxc3 Qxc3 33. Qe4 Qc2
34. Qf3 Qf5 35. Qe2 Rc2 36. Qe1 h5 37. Bf1 Qc5 38. Rb1 Ka7 39. Qd1 g4 40. h4
Qf5 41. Qd4+ Ka8 42. e4 Qe5 43. Qb6 Rc6 44. Qe3 Rc3 45. Qd2 Qc5 46. Kg2 f5 47.
exf5 Bxf5 48. Rb2 Be4+ 49. Kh2 Rc1 50. Qe2 Bc6 51. Qd3 Ka7 0-1

[Event "85. Argentino Superior Absoluto 2010 "]
[Site "Buenos Aires ARG"]
[Date "2010.07.10"]
[Round "6.9"]
[White "Slipak, Sergio"]
[Black "Fiori, Alberto Nicolas"]
[Result "1-0"]
[WhiteElo "2440"]
[BlackElo "2166"]
[PlyCount "81"]
[EventDate "2010.07.05"]
[EventType "swiss"]
[EventRounds "9"]
[EventCountry "ARG"]
[Source "lmi"]
[SourceDate "2010.07.05"]

1. d4 Nf6 2. Nf3 e6 3. c4 d5 4. Nc3 Bb4 5. Qa4+ Nc6 6. e3 O-O 7. Qc2 Re8 8. a3
Bf8 9. cxd5 exd5 10. Bb5 Bg4 11. Ne5 Nxe5 12. Bxe8 Qxe8 13. dxe5 Qxe5 14. O-O
Qh5 15. f4 Re8 16. Bd2 c5 17. Rae1 b6 18. Bc1 Bf5 19. Qd1 Bg4 20. Qd2 a6 21.
Qf2 b5 22. h3 b4 23. Ne2 Bxe2 24. Qxe2 Qxe2 25. Rxe2 bxa3 26. bxa3 Ne4 27. Rc2
f5 28. Rd1 Rd8 29. Bb2 Kf7 30. Be5 Rd7 31. g4 fxg4 32. hxg4 c4 33. Rxc4 Nc5 34.
Rc2 g6 35. Kg2 Ke6 36. Kf3 Rb7 37. Bd4 Ne4 38. Rc6+ Kf7 39. Be5 Bxa3 40. Rxd5
Rb4 41. Rd7+ 1-0

[Event "85. Argentino Superior Absoluto 2010 "]
[Site "Buenos Aires ARG"]
[Date "2010.07.10"]
[Round "6.10"]
[White "Julia, Ernesto"]
[Black "Cereijo, Nicolas"]
[Result "1/2-1/2"]
[WhiteElo "2378"]
[BlackElo "2139"]
[PlyCount "84"]
[EventDate "2010.07.05"]
[EventType "swiss"]
[EventRounds "9"]
[EventCountry "ARG"]
[Source "lmi"]
[SourceDate "2010.07.05"]

1. d4 d5 2. c4 e6 3. Nc3 Be7 4. cxd5 exd5 5. Bf4 Nf6 6. e3 Bf5 7. Nf3 O-O 8. h3
c6 9. g4 Bg6 10. Ne5 Ne4 11. Nxg6 hxg6 12. Nxe4 dxe4 13. Bg2 Qa5+ 14. Kf1 Qb5+
15. Qe2 Qd5 16. Rc1 Na6 17. a3 c5 18. Rd1 Rfd8 19. f3 exf3 20. Bxf3 Qb3 21. Qd3
Qb6 22. Qe4 Bd6 23. Qxb7 Bxf4 24. Qxb6 axb6 25. exf4 Rab8 26. dxc5 Rxd1+ 27.
Bxd1 Nxc5 28. Rh2 Rd8 29. Bc2 Rd4 30. Rf2 Nd3 31. Bxd3 Rxd3 32. Kg2 Kf8 33. Re2
Rb3 34. h4 Rd3 35. g5 Rb3 36. Kf1 Rh3 37. Kg2 Rb3 38. Kf1 Rh3 39. Re4 Rb3 40.
Re2 Rf3+ 41. Rf2 Rb3 42. Re2 Rf3+ 1/2-1/2

[Event "85. Argentino Superior Absoluto 2010 "]
[Site "Buenos Aires ARG"]
[Date "2010.07.10"]
[Round "6.11"]
[White "Filgueira, Hernan"]
[Black "Cabral, Matias Andres"]
[Result "1-0"]
[WhiteElo "2347"]
[BlackElo "2098"]
[PlyCount "79"]
[EventDate "2010.07.05"]
[EventType "swiss"]
[EventRounds "9"]
[EventCountry "ARG"]
[Source "lmi"]
[SourceDate "2010.07.05"]

1. c4 e5 2. Nf3 Nc6 3. Nc3 g6 4. d4 Bg7 5. d5 Nce7 6. d6 Nf5 7. dxc7 Qxc7 8. e4
Nd4 9. Nxd4 exd4 10. Nd5 Qc6 11. Bf4 Nf6 12. Nc7+ Kd8 13. Nd5 Nxd5 14. cxd5 Qf6
15. Qd2 Qe7 16. Bd3 Be5 17. O-O d6 18. Bg5 f6 19. Bf4 g5 20. Bg3 h5 21. f4 gxf4
22. Bxf4 Rg8 23. Rf2 b6 24. Raf1 Bd7 25. Bxe5 fxe5 26. Kh1 Rc8 27. Rf6 Qg7 28.
Rxd6 Ke7 29. Rh6 Rc3 30. Rh7 Qxh7 31. bxc3 dxc3 32. Qxc3 Qg7 33. Rf2 Qg5 34.
Qa3+ Kd8 35. Qxa7 Qe3 36. Qb8+ Bc8 37. Qd6+ Bd7 38. Bb5 Qc1+ 39. Rf1 Qc8 40.
Qxb6+ 1-0

[Event "85. Argentino Superior Absoluto 2010 "]
[Site "Buenos Aires ARG"]
[Date "2010.07.10"]
[Round "6.12"]
[White "Spata, German"]
[Black "Rasgido, Alejandro"]
[Result "1-0"]
[WhiteElo "2286"]
[BlackElo "1997"]
[PlyCount "83"]
[EventDate "2010.07.05"]
[EventType "swiss"]
[EventRounds "9"]
[EventCountry "ARG"]
[Source "lmi"]
[SourceDate "2010.07.05"]

1. Nf3 Nf6 2. c4 c6 3. d4 d5 4. Qc2 g6 5. g3 Bf5 6. Qb3 Qb6 7. Qxb6 axb6 8.
cxd5 Nxd5 9. Bd2 Na6 10. Nc3 Nab4 11. Nxd5 Nxd5 12. Bg2 Be4 13. O-O Bg7 14. e3
O-O 15. Rfc1 c5 16. Bc3 Rfc8 17. Nd2 Bxg2 18. Kxg2 cxd4 19. exd4 Rc6 20. Nf3
Nxc3 21. Rxc3 Ra4 22. Rxc6 bxc6 23. b3 Ra5 24. Rc1 c5 25. dxc5 Rxc5 26. Rxc5
bxc5 27. Nd2 Kf8 28. Kf3 f5 29. Ke2 e5 30. f3 Ke7 31. Kd3 Kd6 32. a4 Kc6 33. g4
h5 34. gxf5 gxf5 35. Nf1 h4 36. Ne3 Bf6 37. h3 f4 38. Ng4 Bg7 39. Ke4 Kd6 40.
Nf2 Kc6 41. Nd3 Kd6 42. Nb2 1-0

[Event "85. Argentino Superior Absoluto 2010 "]
[Site "Buenos Aires ARG"]
[Date "2010.07.10"]
[Round "6.13"]
[White "Lezcano, Gustavo"]
[Black "Garbarino, Rodolfo"]
[Result "0-1"]
[WhiteElo "2177"]
[BlackElo "2350"]
[PlyCount "76"]
[EventDate "2010.07.05"]
[EventType "swiss"]
[EventRounds "9"]
[EventCountry "ARG"]
[Source "lmi"]
[SourceDate "2010.07.05"]

1. e4 e5 2. Nf3 Nc6 3. d4 exd4 4. Nxd4 Bb4+ 5. c3 Be7 6. Bc4 Nf6 7. Nxc6 bxc6
8. e5 Nd5 9. O-O Nb6 10. Bd3 d6 11. Bf4 O-O 12. Qh5 g6 13. Qf3 d5 14. Bh6 Re8
15. Nd2 Bg5 16. Bxg5 Qxg5 17. Nb3 Qxe5 18. Rad1 a5 19. Rd2 Qg5 20. Qg3 Qxg3 21.
hxg3 a4 22. Nd4 Bd7 23. f4 c5 24. Nf3 f6 25. a3 Re3 26. Rc1 Rae8 27. Kf2 R3e7
28. Rh1 Kg7 29. Rc1 Rb8 30. Re1 Rxe1 31. Kxe1 Nc8 32. Bc4 c6 33. Bd3 Nd6 34.
Kd1 Bf5 35. Kc1 Bxd3 36. Rxd3 Nc4 37. Nd2 Nxb2 38. Re3 Kf7 0-1

[Event "85. Argentino Superior Absoluto 2010 "]
[Site "Buenos Aires ARG"]
[Date "2010.07.10"]
[Round "6.14"]
[White "Gimenez, Santiago"]
[Black "Gaitan, Juan Manuel"]
[Result "1-0"]
[WhiteElo "2253"]
[BlackElo "2047"]
[PlyCount "56"]
[EventDate "2010.07.05"]
[EventType "swiss"]
[EventRounds "9"]
[EventCountry "ARG"]
[Source "lmi"]
[SourceDate "2010.07.05"]

1. e4 e6 2. d3 d5 3. Nd2 Nf6 4. Ngf3 b6 5. Qe2 dxe4 6. dxe4 Ba6 7. Nc4 Be7 8.
e5 Nd5 9. Bd2 b5 10. Na5 b4 11. Nc4 Nb6 12. Qe4 Qd5 13. Qxd5 exd5 14. Ne3 Bb7
15. Nf5 Bf8 16. O-O-O N8d7 17. Be2 O-O-O 18. Rhe1 h6 19. Bf1 Re8 20. h4 g6 21.
Ng3 Bg7 22. Bxb4 Nxe5 23. Bc3 Nxf3 24. Rxe8+ Rxe8 25. Bxg7 Nxh4 26. Bxh6 Nd7
27. Bg5 Rh8 28. Re1 f6 1-0

[Event "85. Argentino Superior Absoluto 2010 "]
[Site "Buenos Aires ARG"]
[Date "2010.07.10"]
[Round "6.15"]
[White "Sanhueza, Cristian"]
[Black "Virgillito, Cristian"]
[Result "1/2-1/2"]
[WhiteElo "2199"]
[BlackElo "2238"]
[PlyCount "33"]
[EventDate "2010.07.05"]
[EventType "swiss"]
[EventRounds "9"]
[EventCountry "ARG"]
[Source "lmi"]
[SourceDate "2010.07.05"]

1. e4 c5 2. Nf3 d6 3. d4 cxd4 4. Nxd4 Nf6 5. f3 Nc6 6. c4 Qb6 7. Nc2 g6 8. Nc3
Bg7 9. Qd3 Nb4 10. Nxb4 Qxb4 11. Be2 Be6 12. O-O Nd7 13. Nb5 Rc8 14. Qb3 a5 15.
Be3 Nc5 16. Qc2 O-O 17. Nd4 1/2-1/2

[Event "85. Argentino Superior Absoluto 2010 "]
[Site "Buenos Aires ARG"]
[Date "2010.07.10"]
[Round "6.16"]
[White "Leeuw, Pablo"]
[Black "Tomeo, Nicolas"]
[Result "1-0"]
[WhiteElo "2071"]
[BlackElo "2137"]
[PlyCount "47"]
[EventDate "2010.07.05"]
[EventType "swiss"]
[EventRounds "9"]
[EventCountry "ARG"]
[Source "lmi"]
[SourceDate "2010.07.05"]

1. e4 e5 2. Nf3 Nc6 3. Nc3 f5 4. Bb5 fxe4 5. Nxe4 d5 6. Ng3 Qd6 7. O-O Nge7 8.
d4 e4 9. Ne5 Bd7 10. Nxd7 Qxd7 11. Be2 g6 12. Bg4 Qd6 13. f3 h5 14. Bh3 e3 15.
Bxe3 Bg7 16. Qd2 O-O 17. Rae1 Rae8 18. Bh6 Bxd4+ 19. Kh1 Bg7 20. Bxg7 Kxg7 21.
Qg5 Kh7 22. Nxh5 gxh5 23. Re6 Qxe6 24. Bxe6 1-0

[Event "85. Argentino Superior Absoluto 2010 "]
[Site "Buenos Aires ARG"]
[Date "2010.07.10"]
[Round "6.17"]
[White "Giuliani, German"]
[Black "Koch, Juan"]
[Result "0-1"]
[WhiteElo "1864"]
[BlackElo "2087"]
[PlyCount "58"]
[EventDate "2010.07.05"]
[EventType "swiss"]
[EventRounds "9"]
[EventCountry "ARG"]
[Source "lmi"]
[SourceDate "2010.07.05"]

1. g4 d5 2. h3 e5 3. d4 exd4 4. Qxd4 Nc6 5. Qa4 Bc5 6. Nf3 Bd7 7. Qb3 Nge7 8.
Bg5 f6 9. Bd2 Be6 10. a4 Qd7 11. Qb5 Qd6 12. c3 a6 13. Qd3 Ne5 14. Nxe5 fxe5
15. b4 Bb6 16. Bg5 O-O 17. Bh4 Ng6 18. Bg3 Nf4 19. Qc2 d4 20. Nd2 Qc6 21. Rg1
Qxc3 22. Qxc3 dxc3 23. Ne4 Nd5 24. Nc5 Nxb4 25. Nxe6 Nc2+ 26. Kd1 Nxa1 27. Nxf8
Rd8+ 28. Kc1 Rd2 29. Kb1 Nb3 0-1

[Event "85. Argentino Superior Absoluto 2010 "]
[Site "Buenos Aires ARG"]
[Date "2010.07.10"]
[Round "6.19"]
[White "Ponzo, Fabian"]
[Black "Ligato, Guillermo Fe"]
[Result "1-0"]
[WhiteElo "2027"]
[BlackElo "1944"]
[PlyCount "75"]
[EventDate "2010.07.05"]
[EventType "swiss"]
[EventRounds "9"]
[EventCountry "ARG"]
[Source "lmi"]
[SourceDate "2010.07.05"]

1. b3 e5 2. Bb2 d6 3. g3 Nc6 4. Bg2 Bg4 5. h3 Bf5 6. d3 h5 7. Nd2 Qd7 8. Ngf3
Be7 9. Nc4 Nh6 10. Qd2 Rg8 11. O-O-O Be6 12. a4 f6 13. a5 a6 14. c3 d5 15. Ne3
Nxa5 16. Qc2 Qb5 17. Nd2 O-O-O 18. Bf3 g6 19. g4 h4 20. c4 dxc4 21. dxc4 Qb6
22. Nd5 Bxd5 23. Bxd5 Rg7 24. e3 c6 25. Be6+ Kb8 26. g5 Rxd2 27. Kxd2 Nxb3+ 28.
Ke2 Nf5 29. Rd7 Ba3 30. Bxf5 Rxd7 31. Bxd7 Bxb2 32. Rb1 Nc5 33. Rxb2 Qd8 34.
Bg4 f5 35. Bxf5 gxf5 36. Qxf5 Ka8 37. g6 Qa5 38. g7 1-0

[Event "85. Argentino Superior Absoluto 2010 "]
[Site "Buenos Aires ARG"]
[Date "2010.07.10"]
[Round "6.21"]
[White "Ricciardi, Gabriel"]
[Black "Chavarria, Bily"]
[Result "1-0"]
[WhiteElo "1599"]
[BlackElo "1963"]
[PlyCount "83"]
[EventDate "2010.07.05"]
[EventType "swiss"]
[EventRounds "9"]
[EventCountry "ARG"]
[Source "lmi"]
[SourceDate "2010.07.05"]

1. e4 e5 2. Nf3 Nc6 3. Bc4 Bc5 4. c3 Nf6 5. d4 exd4 6. cxd4 Bb4+ 7. Nc3 d5 8.
exd5 Nxd5 9. O-O Bxc3 10. bxc3 O-O 11. Bg5 Qd6 12. Qc2 Re8 13. Bh4 h6 14. Bg3
Qd8 15. Rfe1 Be6 16. Bb3 a5 17. a3 Qf6 18. c4 Bf5 19. Qd2 Nde7 20. d5 a4 21.
Ba2 Na5 22. Bxc7 Nb3 23. Bxb3 axb3 24. Nd4 Rec8 25. d6 Nc6 26. Nxb3 Ne5 27. Qd4
Re8 28. f4 Nd7 29. Rxe8+ Rxe8 30. Qxf6 gxf6 31. Na5 Re4 32. Rc1 Re2 33. Kf1 Bd3
34. Rc3 Rd2+ 35. Ke1 Rxg2 36. Rxd3 Rxh2 37. Nxb7 h5 38. c5 Rc2 39. Bb6 Rc4 40.
Rh3 Re4+ 41. Kd2 Kf8 42. Bd8 1-0

[Event "85. Argentino Superior Absoluto 2010 "]
[Site "Buenos Aires ARG"]
[Date "2010.07.10"]
[Round "6.22"]
[White "Lopez, Ricardo"]
[Black "Araoz, Claudio Alberto"]
[Result "1-0"]
[WhiteElo "2187"]
[BlackElo "1878"]
[PlyCount "39"]
[EventDate "2010.07.05"]
[EventType "swiss"]
[EventRounds "9"]
[EventCountry "ARG"]
[Source "lmi"]
[SourceDate "2010.07.05"]

1. d4 Nf6 2. c4 g6 3. Nc3 Bg7 4. e4 d6 5. Be2 O-O 6. Bg5 c5 7. d5 e6 8. Nf3 Qa5
9. O-O exd5 10. cxd5 h6 11. Bh4 a6 12. a4 Nbd7 13. Nd2 Ne5 14. h3 Qb4 15. f4
Ned7 16. Nc4 Nb6 17. Nxd6 Qxb2 18. Rf3 Nh5 19. Rb1 Qa3 20. Rb3 1-0

[Event "85. Argentino Superior Absoluto 2010 "]
[Site "Buenos Aires ARG"]
[Date "2010.07.10"]
[Round "6.23"]
[White "Mazzoleni, Julio"]
[Black "Sanchez, Christian"]
[Result "0-1"]
[WhiteElo "2123"]
[BlackElo "2028"]
[PlyCount "114"]
[EventDate "2010.07.05"]
[EventType "swiss"]
[EventRounds "9"]
[EventCountry "ARG"]
[Source "lmi"]
[SourceDate "2010.07.05"]

1. Nc3 e6 2. g3 d5 3. d3 Nf6 4. Bg2 c5 5. f4 Nc6 6. Nf3 Be7 7. O-O O-O 8. Kh1
a6 9. a3 Qc7 10. e4 dxe4 11. dxe4 Rd8 12. Qe2 Nd4 13. Nxd4 cxd4 14. Nd1 Bd7 15.
Nf2 Rac8 16. e5 Bb5 17. Nd3 Nd5 18. a4 Bxd3 19. cxd3 Qc2 20. Rf2 Qxe2 21. Rxe2
b6 22. Be4 Bb4 23. f5 Rc7 24. fxe6 fxe6 25. Bf4 Be7 26. h4 Nxf4 27. gxf4 Rf8
28. Rf1 Bxh4 29. Rh2 g5 30. f5 exf5 31. Bxf5 Kg7 32. e6 Re7 33. Kg1 h6 34. Rh3
Be1 35. Rhf3 Bd2 36. Bg4 Bf4 37. Re1 Kg6 38. Re4 h5 39. Bh3 Rd8 40. Rfxf4 gxf4
41. Rxf4 Rd6 42. Re4 Kf6 43. Kf2 Rg7 44. Rf4+ Ke7 45. Kf3 Rd8 46. Ke4 Rf8 47.
Rh4 Rg5 48. Kxd4 Rf3 49. b4 Rgg3 50. Bf1 Rxf1 51. Rxh5 Kxe6 52. a5 Rg4+ 53. Kc3
b5 54. Rh6+ Rf6 55. Rh8 Kd5 56. Rh5+ Kd6 57. Rh7 Kc6 0-1

[Event "85. Argentino Superior Absoluto 2010 "]
[Site "Buenos Aires ARG"]
[Date "2010.07.12"]
[Round "7.1"]
[White "Garcia, Raimundo"]
[Black "Peralta, Fernando"]
[Result "1-0"]
[WhiteElo "2314"]
[BlackElo "2570"]
[PlyCount "91"]
[EventDate "2010.07.05"]
[EventType "swiss"]
[EventRounds "9"]
[EventCountry "ARG"]
[Source "lmi"]
[SourceDate "2010.07.05"]

1. g3 d5 2. Bg2 Nf6 3. d3 c5 4. Nf3 Nc6 5. O-O e5 6. c4 d4 7. e4 Bg4 8. h3 Bh5
9. Qc2 Be7 10. Nh4 Nb4 11. Qd2 O-O 12. a3 Nc6 13. Qc2 Ne8 14. Nf5 Bf6 15. Nd2
Bg6 16. Qd1 Ne7 17. Nxe7+ Bxe7 18. f4 exf4 19. gxf4 f5 20. e5 Rb8 21. b4 b6 22.
Nb3 Nc7 23. Bd2 Qe8 24. Rb1 Bh5 25. Qc2 Kh8 26. bxc5 bxc5 27. Na5 Rb6 28. Rxb6
axb6 29. Nc6 Bh4 30. Be1 Bxe1 31. Rxe1 Ne6 32. Qf2 g5 33. fxg5 f4 34. Bd5 f3
35. Kh2 Nf4 36. e6 Nxd3 37. Qg3 Nxe1 38. Qe5+ Kg8 39. e7+ Rf7 40. Qxe1 f2 41.
Qxf2 Kg7 42. Bxf7 Qxf7 43. e8=N+ Kf8 44. Nf6 Qc7+ 45. Kg1 Bf7 46. Ne5 1-0

[Event "85. Argentino Superior Absoluto 2010 "]
[Site "Buenos Aires ARG"]
[Date "2010.07.12"]
[Round "7.3"]
[White "Ricardi, Pablo"]
[Black "Mareco, Sandro"]
[Result "1/2-1/2"]
[WhiteElo "2512"]
[BlackElo "2527"]
[PlyCount "113"]
[EventDate "2010.07.05"]
[EventType "swiss"]
[EventRounds "9"]
[EventCountry "ARG"]
[Source "lmi"]
[SourceDate "2010.07.05"]

1. c4 Nf6 2. Nc3 e6 3. e4 c5 4. e5 Ng8 5. Nf3 Nc6 6. d4 cxd4 7. Nxd4 Nxe5 8.
Bf4 Ng6 9. Bg3 a6 10. Qa4 Nf6 11. Ndb5 e5 12. O-O-O Rb8 13. Bd3 Nh5 14. Bxg6
Nxg3 15. hxg3 fxg6 16. Rhe1 Be7 17. Nd6+ Bxd6 18. Rxd6 O-O 19. Rxe5 b5 20. cxb5
axb5 21. Qd4 Kh8 22. Nd5 Re8 23. Rxe8+ Qxe8 24. Qe3 Qd8 25. Qe7 Bb7 26. Rxd7
Qxe7 27. Nxe7 Bxg2 28. Kd2 g5 29. Rc7 h5 30. Nf5 Rf8 31. Nxg7 Rxf2+ 32. Ke3
Rf3+ 33. Ke2 Rf6 34. Ke3 Rf3+ 35. Ke2 h4 36. gxh4 gxh4 37. Ne6 Rf6 38. Ng5 Rg6
39. Nf7+ Kg8 40. Ne5 Re6 41. Kf2 Bd5 42. Ng4 Bxa2 43. Rc5 Bc4 44. Ne5 Rf6+ 45.
Kg1 Rf4 46. Nxc4 bxc4 47. Rc7 Kf8 48. Kg2 Ke8 49. b3 cxb3 50. Rb7 Rg4+ 51. Kh3
Rg3+ 52. Kxh4 Rc3 53. Kg4 Kd8 54. Kf4 Kc8 55. Rb4 Kd7 56. Ke4 Rh3 57. Kd5
1/2-1/2

[Event "85. Argentino Superior Absoluto 2010 "]
[Site "Buenos Aires ARG"]
[Date "2010.07.12"]
[Round "7.4"]
[White "Felgaer, Ruben"]
[Black "Pierrot, Facundo"]
[Result "1-0"]
[WhiteElo "2584"]
[BlackElo "2431"]
[PlyCount "127"]
[EventDate "2010.07.05"]
[EventType "swiss"]
[EventRounds "9"]
[EventCountry "ARG"]
[Source "lmi"]
[SourceDate "2010.07.05"]

1. e4 e5 2. Nf3 Nf6 3. d4 Nxe4 4. Bd3 d5 5. Nxe5 Nd7 6. O-O Nxe5 7. dxe5 Nc5 8.
b4 Nxd3 9. Qxd3 Be7 10. Qg3 g6 11. Rd1 c6 12. c4 Be6 13. Nc3 O-O 14. Bh6 Re8
15. cxd5 Bxd5 16. Nxd5 cxd5 17. Qf3 Qb6 18. Rxd5 Qxb4 19. Rd7 Qb5 20. e6 fxe6
21. Rxb7 Qd5 22. Rd1 Qxf3 23. gxf3 Red8 24. Rc1 Bd6 25. Rc6 Bf8 26. Bxf8 Rxf8
27. Rcc7 Rxf3 28. Rg7+ Kf8 29. Rxh7 Kg8 30. Rbg7+ Kf8 31. Rxg6 Rd8 32. Rh8+ Kf7
33. Rxd8 Kxg6 34. Rd6 Ra3 35. Rxe6+ Kf5 36. Re2 Kf4 37. Rb2 a5 38. Kg2 Kg4 39.
Rc2 Kf4 40. Rd2 Kg4 41. h3+ Kf4 42. Rc2 Kg5 43. Rb2 Kf4 44. Re2 Kf5 45. Rd2 Kf4
46. f3 Ra4 47. Rb2 Ra3 48. Rd2 Ke3 49. Rc2 Kf4 50. Rf2 Ra4 51. h4 Ra3 52. Rc2
Ra4 53. Rd2 Ke3 54. Rb2 Rxh4 55. Rb3+ Kd2 56. Ra3 a4 57. Kg3 Rb4 58. f4 Kc2 59.
Rf3 Kb2 60. Rf2+ Ka3 61. f5 Rc4 62. f6 Rc6 63. f7 Rg6+ 64. Kh4 1-0

[Event "85. Argentino Superior Absoluto 2010 "]
[Site "Buenos Aires ARG"]
[Date "2010.07.12"]
[Round "7.5"]
[White "Alonso, Salvador"]
[Black "Slipak, Sergio"]
[Result "1/2-1/2"]
[WhiteElo "2490"]
[BlackElo "2440"]
[PlyCount "52"]
[EventDate "2010.07.05"]
[EventType "swiss"]
[EventRounds "9"]
[EventCountry "ARG"]
[Source "lmi"]
[SourceDate "2010.07.05"]

1. e4 c6 2. d4 d5 3. Nd2 dxe4 4. Nxe4 Bf5 5. Ng3 Bg6 6. h4 h6 7. Nf3 Nd7 8. h5
Bh7 9. Bd3 Bxd3 10. Qxd3 e6 11. Bf4 Ngf6 12. O-O-O Nd5 13. Bd2 Nb4 14. Bxb4
Bxb4 15. Ne5 Nxe5 16. dxe5 Qxd3 17. Rxd3 Rd8 18. Rxd8+ Kxd8 19. Rh4 Be7 20. Rg4
Rg8 21. Ne4 Ke8 22. Kd2 Kf8 23. Ke3 f5 24. exf6 gxf6 25. Rxg8+ Kxg8 26. g4 Kf7
1/2-1/2

[Event "85. Argentino Superior Absoluto 2010 "]
[Site "Buenos Aires ARG"]
[Date "2010.07.12"]
[Round "7.6"]
[White "Barrionuevo, Pablo"]
[Black "Iermito, Sebastian"]
[Result "0-1"]
[WhiteElo "2337"]
[BlackElo "2457"]
[PlyCount "122"]
[EventDate "2010.07.05"]
[EventType "swiss"]
[EventRounds "9"]
[EventCountry "ARG"]
[Source "lmi"]
[SourceDate "2010.07.05"]

1. d4 Nf6 2. c4 c5 3. d5 g6 4. Nc3 d6 5. e4 Bg7 6. Nf3 e6 7. Bd3 O-O 8. h3 exd5
9. exd5 Re8+ 10. Be3 Bh6 11. O-O Bxe3 12. fxe3 Nbd7 13. e4 a6 14. Qd2 Kg7 15.
Rf2 Qe7 16. Raf1 Rf8 17. a3 b6 18. Bc2 Ng8 19. Ba4 Ne5 20. Nxe5 Qxe5 21. b4 Rb8
22. Rf4 Ne7 23. Bc2 f6 24. Ne2 g5 25. R4f3 Ng6 26. Rb3 Bd7 27. bxc5 bxc5 28.
Rfb1 Rxb3 29. Rxb3 h5 30. Rb7 Rf7 31. Qc3 g4 32. Rb6 gxh3 33. Qxe5 Nxe5 34.
Rxa6 hxg2 35. Kxg2 Nxc4 36. Ba4 Bc8 37. Ra8 Bg4 38. Nf4 Nb6 39. Ra6 Nxa4 40.
Rxa4 Rc7 41. Ra6 c4 42. Rxd6 c3 43. Nd3 c2 44. Rc6 Rxc6 45. dxc6 Kf8 46. Kg3
Ke7 47. Kf4 Kd6 48. a4 Be2 49. Nc1 Bd1 50. Nd3 Kxc6 51. e5 fxe5+ 52. Kxe5 Kb6
53. Kd4 Ka5 54. Kc3 h4 55. Kd2 h3 56. Nf2 h2 57. Kc1 Kxa4 58. Kb2 Kb5 59. Kc1
Kb4 60. Kd2 Kb3 61. Kc1 Bf3 0-1